000 00604nam a2200229Ia 4500
003 OSt
005 20221007071223.0
006 a|||||r|||| 00| 0
007 ta
008 221006b |||||||| |||| 00| 0 eng d
024 _a29,783
037 _cTextual
040 _aFLL
_cFLL
_beng
041 _2eng
_aeng
082 _aW:19(ZT), J8
100 _aNoel-Baker Philip
245 0 _aArms race
260 _aLondon
_bAtlantic Books, Stevens & Sons Ltd. London
_c1958
300 _axviii,579p
_ccm.
942 _hW:19(ZT), J8
_cTEXL
_2CC
999 _c1142793
_d1142793